000
00196 a2200097 4500
001
2886
100
_a
Styles, S
245
_a
Path to gloruy
260
_a
_b
Faber & Faber
_c
090
_c
2179
_d
2179
942
_a
NUST-CAE
_c
M
_c
13102
999
_c
237959
_d
237959